| 000 | 00899nam a2200217Ia 4500 | ||
|---|---|---|---|
| 999 |
_c41413 _d41413 |
||
| 001 | 8075 | ||
| 003 | GE_BSU | ||
| 005 | 20200117174536.0 | ||
| 008 | 181216s2013||||ge |||||||||||||| ||geo|| | ||
| 020 | _a9789941059780 | ||
| 040 | _cGE_BSU | ||
| 041 | _ageo | ||
| 080 | _a321.7+341.231+342.4+342.4(479.22)+342.71+316.325+342.5 დ-33 | ||
| 100 |
_aბოროუსი, გრიერ _96222 |
||
| 245 |
_aდემოკრატია და მოქალაქეობა : _bსამოქალაქო განათლების საუნივერსიტეტო კურსი / |
||
| 264 |
_aთბილისი : _bშპს"ფავორიტი პრინტი, _c2013. |
||
| 300 |
_a51 გვ.; _b28 სმ. |
||
| 653 | _aდემოკრატია და მოქალაქეობა | ||
| 653 | _aსამართალი | ||
| 942 |
_cBK _2udc |
||